L2 & L2x - Stasjoner - Statistics

General Stats
  • This quiz has been taken 7 times
    4 since last reset
  • The average score is 13 of 25
Answer Stats
Linje Stasjon % Correct
L2 Nationaltheatret
100%
L2 Oslo S
100%
L2X Oslo S
100%
L2 Greverud
50%
L2 Hauketo
50%
L2x Hauketo
50%
L2 Holmlia
50%
L2X Holmlia
50%
L2 Kolbotn
50%
L2x Kolbotn
50%
L2 Ljan
50%
L2 Lysaker
50%
L2 Nordstrand
50%
L2 Oppegård
50%
L2X Oppegård
50%
L2 Rosenholm
50%
L2 Ski
50%
L2X Ski
50%
L2 Skøyen
50%
L2 Stabekk
50%
L2 Vevelstad
50%
L2x Vevelstad
50%
L2 Langhus
0%
L2 Myrvoll
0%
L2 Solbråtan
0%
No matching quizzes found
Score Distribution
Percent of People with Each Score
Percentile by Number Answered
Your Score History
You have not taken this quiz since the last reset